Do Vrábľov sa presúva výroba zo Sheffieldu

Nový závod rakúskeho koncernu Miba vo Vrábľoch. Výroba dielcov pre automobilový priemysel. Nové pracovné miesta. Dobrá skúsenosť zahraničného investora v závode v Dolnom Kubíne. Najväčší odberateľ - západná Európa.

Saved in:
Bibliographic Details
Main Author: Hudec, Marián
Format: Book Chapter
Language:Slovak
Subjects:
Tags: Add Tag
No Tags, Be the first to tag this record!

MARC

LEADER 00000naa$a2200000$$$4500
001 0029733
005 20231004125815.3
041 0 |a slo 
044 |a SK 
245 1 0 |a Do Vrábľov sa presúva výroba zo Sheffieldu  |c Marián Hudec 
520 |a Nový závod rakúskeho koncernu Miba vo Vrábľoch. Výroba dielcov pre automobilový priemysel. Nové pracovné miesta. Dobrá skúsenosť zahraničného investora v závode v Dolnom Kubíne. Najväčší odberateľ - západná Európa. 
610 2 0 |a investície zo zahraničia 
610 2 0 |a spolupráca hospodárska medzinárodná 
610 2 0 |a priemysel automobilový 
610 2 0 |a firmy 
610 2 0 |a koncerny 
610 2 0 |a dodávatelia 
610 2 0 |a odberatelia 
610 2 0 |a vývoz 
610 2 0 |a Rakúsko 
610 2 0 |a Slovensko 
100 1 |a Hudec, Marián